CONTEMPORARY EGYPT: THROUGH EGPTIAN EYES: ESSAYS IN HONOUR OF PROFESSOR P.J VATIKIOTIS / (Record no. 11855)
[ view plain ]
| 000 -الفاتح | |
|---|---|
| حقل البيانات ثابتة الطول | 00437nam a2200145Ia 4500 |
| 008 - عناصر البيانات ثابتة الطول - معلومات عامة | |
| حقل البيانات ثابتة الطول | 140319s9999 xx 000 0 eng d |
| 040 ## - مصدر الفهرسة | |
| وكالة الفهرسة الأصلية | GCL / |
| وكالة النسخ | GCL |
| 082 04 - رقم تصنيف ديوى العشرى | |
| رقم التصنيف | C C |
| رقم المادة | 962.05 |
| -- | T C |
| 100 1# - المدخل الرئيسى - إسم شخصى | |
| الإسم الشخصى | TRIPP, CHARLES |
| 245 10 - بيان العنوان | |
| العنوان | CONTEMPORARY EGYPT: THROUGH EGPTIAN EYES: ESSAYS IN HONOUR OF PROFESSOR P.J VATIKIOTIS / |
| بيان المسئوليه,etc | TRIPP, CHARLES |
| 650 04 - المدخل الاضافى بالموضوع-مصطلح موضوعى | |
| مصطلح موضوعي | EGYPT - HISTORY - 1919 |
| 942 ## - عناصر المدخل الإضافي( كوها) | |
| مصدر التصنيف او مخطط الترفيف | Dewey Decimal Classification |
| Koha [default] item type | كتاب |
| 260 ## - PUBLICATION, DISTRIBUTION, ETC. (IMPRINT) | |
| -- | [S.N] : |
| -- | ROOTLEDGE |
| حالة التراجع | حالة الفقد | حالة تلف | ليس للاعارة | المكان المؤقت | الموقع الحالى | تاريخ الاكتساب | اجمالي اﻻعارات | رقم الطلب | الباركود | تاريخ اخر مشاهدة | تاريخ تفعيل السعر | نوع وعاء كوها |
|---|---|---|---|---|---|---|---|---|---|---|---|---|
| مكتبة القاهرة الكبرى | مكتبة القاهرة الكبرى | 03/26/2014 | C C\962.05\T C | 23297 | 03/26/2014 | 03/26/2014 | كتاب |

